000
00296nam a2200109Ia 4500
001
588950
005
20250717120840.0
008
250717s9999 xx 000 0 und d
245
0
_a
Y-9 HARİTA KORUYUCULARI GEÇMİŞTEN GELEN
_c
ESRA BAHADIR CESAR
260
_b
ERDEM YAYINLARI
_c
2020
300
_b
213
999
_c
588950
_d
588950